000 00541nam a2200181 a 4500
999 _c15721
_d15721
001 ASIN1846147611
003 NUST
005 20170512134513.0
008 131210s xxu eng d
020 _a1846147611 (hardcover)
020 _a9781846147616 (hardcover)
040 _a0
_cNUST
082 _a338.954 DRE
100 1 _aDrze, Jean.
_9637
245 1 3 _aAn uncertain glory /
_cJean Drze.
260 _a[S.l.] :
_bAllen Lane,
300 _a1 v. (unpaged) ;
_c25 cm.
856 4 0 _3Amazon.com
_uhttp://www.amazon.com/exec/obidos/ASIN/1846147611/chopaconline-20
942 _2ddc
_cBK